| 000 | 01980nam0a22003739 4500 | ||
|---|---|---|---|
| 001 | RU\NLR\b_ik\56959 | ||
| 005 | 20260406132400.0 | ||
| 035 | _a(NLR Aleph) 002131491 | ||
| 090 |
_a2141865 _c2141865 |
||
| 100 | _a19950127d1947 |||y0rusy50 ca | ||
| 101 | 0 | _aspa | |
| 102 | _aRU | ||
| 105 | _ay ||||||||| | ||
| 200 | 1 |
_aCatálogo de la Exposición conmemorativa del IV centenario del nacimiento de Miguel de Cervantes (1547-1616) _eEd. del "Quijote" de los s. XIX y XX |
|
| 210 |
_aBarcelona _cCasa provincial de Caridad _d1947 |
||
| 215 |
_a164 c. _d23 |
||
| 300 | _aВ надзаг.: Diputación provincial de Barcelona, Bibl. centr | ||
| 320 | _aБиблиогр. в подстроч. примеч | ||
| 541 | 0 | _aКаталог выставки в честь юбилея 4 века со дня рождения Мигеля Сервантеса. | |
| 606 | 0 |
_aСервантес Сааведра, Мигель де, 1547-1616 _xВыставки _xКаталоги _2nlr-sh1 |
|
| 686 | 0 |
_aШ5(4Ис)43-4Сервантесл6 _2rubbk |
|
| 702 | 1 |
_7ba _8spa _aCervantes Saavedra _bM. de _f1547-1616 _gMiguel de _9153979 _3RU\NLR\AUTH\770154017 |
|
| 710 | 0 | 2 |
_8spa _aBiblioteca de Cataluña _cBarcelona _bExposición conmemorativa del IV centenario del nacimiento de Miguel de Cervantes (1547-1616) _c1947 _7ba _3RU\NLR\AUTH\8823949 _9322490 |
| 801 | 0 |
_aRU _bNLR _c19950127 _gPSBO |
|
| 801 | 1 |
_aRU _bNLR _c20011024 |
|
| 852 |
_aNLR _jЛ51 Г-5/2232 |
||
| 942 | _cBOOK | ||
| 980 | _aNB | ||